| 000 | 00579nam a2200169Ia 4500 | ||
|---|---|---|---|
| 005 | 20260121165315.0 | ||
| 008 | 260121s9999 xx 000 0 und d | ||
| 020 | _a978-93-95664-79-0 | ||
| 041 | _amar | ||
| 082 | _a954.92 | ||
| 100 |
_aयादव, योगेन्द्रसिंह, Tr. जोग, सुनेत्रा _9216412 |
||
| 245 | _aद हिरो ऑफ टायगर हिल | ||
| 250 | _a1 | ||
| 260 |
_bभारतीय विचार साधना पुणे _c2024 |
||
| 300 | _a184 | ||
| 650 | _aमराठी साहित्य | ||
| 999 |
_c370023 _d370023 |
||